Double Vowel Starts Quiz Stats

Quiz Updated Jan 18, 2012

Also try: Vowel Movement
Challenge
Share
Tweet
Embed
Score 0/18 Timer 12:00
3 Plays Today
% Correct
August
98.7%
Earth
89.7%
Iowa
76.5%
Australia
47.1%
Austria
44.6%
Eisenhower
44.1%
Austin, TX
36.5%
Augusta, ME
35.2%
Aaron
34.5%
% Correct
Eagles
31.5%
Iodine
25.2%
Oilers
22.5%
Einsteinium
19.2%
Oakland
16.6%
Europium
12.3%
Aikman
11.2%
Ouagadougou, Burkina Faso
8%
Earthquakes
5.4%

You're not logged in!

Compare scores with friends on all Sporcle quizzes.
Join for Free
OR
Log In

You Might Also Like...

Show Comments

Extras

Top Quizzes Today


Score Distribution

Your Account Isn't Verified!

In order to create a playlist on Sporcle, you need to verify the email address you used during registration. Go to your Sporcle Settings to finish the process.

Report this User

Report this user for behavior that violates our Community Guidelines.

Details: